Service management.-- 4th ed. (Record no. 80419)
[ view plain ]
| 000 -LEADER | |
|---|---|
| fixed length control field | 01340nam a2200253 a 4500 |
| 008 - FIXED-LENGTH DATA ELEMENTS--GENERAL INFORMATION | |
| fixed length control field | 160425c20049999||||||||||||||||| || u |
| 020 ## - INTERNATIONAL STANDARD BOOK NUMBER | |
| International Standard Book Number | 0072957867 |
| 050 ## - LIBRARY OF CONGRESS CALL NUMBER | |
| Classification number | CD/ HD 9980.5 Fit |
| 100 ## - MAIN ENTRY--PERSONAL NAME | |
| Personal name | Fitzsimmons, Mona J |
| 245 10 - TITLE STATEMENT | |
| Title | Service management.-- 4th ed. |
| Statement of responsibility, etc. | James Fitzsimmons and Mona Fitzsimmons |
| Medium | [cd-rom] |
| 250 ## - EDITION STATEMENT | |
| Edition statement | 4th ed. |
| 260 ## - PUBLICATION, DISTRIBUTION, ETC. | |
| Place of publication, distribution, etc. | Boston |
| Name of publisher, distributor, etc. | McGraw-Hill |
| Date of publication, distribution, etc. | 2004 |
| 300 ## - PHYSICAL DESCRIPTION | |
| Extent | 4 3/4 in |
| 350 ## - | |
| -- | 0.00 |
| 500 ## - GENERAL NOTE | |
| General note | Service Model software & Student CD-ROM to accompany textbook. |
| 650 ## - SUBJECT ADDED ENTRY--TOPICAL TERM | |
| Topical term or geographic name entry element | SERVICE INDUSTRIES--MANAGEMENT |
| 650 #0 - SUBJECT ADDED ENTRY--TOPICAL TERM | |
| Topical term or geographic name entry element | MANAGEMENT |
| 700 ## - ADDED ENTRY--PERSONAL NAME | |
| Personal name | Fitzsimmons, James A |
| 995 ## - | |
| -- | e-RESOURCES |
| -- | 20140220 |
| -- | CBU-MAIN LIBRARY (Kitwe) |
| -- | 0.00 |
| -- | CD/ HD 9980.5 Fit |
| -- | 1 |
| -- | AVAILABLE |
| -- | Apr 25, 2016 |
| -- | 20140220 |
| -- | e-Media Collection |
| 995 ## - | |
| -- | e-RESOURCES |
| -- | 20142276 |
| -- | CBU-MAIN LIBRARY (Kitwe) |
| -- | 0.00 |
| -- | CD/ HD 9980.5 Fit |
| -- | 4 |
| -- | AVAILABLE |
| -- | Jul 25, 2016 |
| -- | 20142276 |
| -- | e-Media Collection |
| 995 ## - | |
| -- | e-RESOURCES |
| -- | 201442111 |
| -- | CBU-MAIN LIBRARY (Kitwe) |
| -- | 0.00 |
| -- | CD/HD 9980.5 Fit |
| -- | 3 |
| -- | AVAILABLE |
| -- | Jun 28, 2016 |
| -- | 201442111 |
| -- | e-Media Collection |
| 995 ## - | |
| -- | e-RESOURCES |
| -- | 20140222 |
| -- | CBU-MAIN LIBRARY (Kitwe) |
| -- | 0.00 |
| -- | CD/ HD 9980.5 Fit |
| -- | 2 |
| -- | AVAILABLE |
| -- | Apr 25, 2016 |
| -- | 20140222 |
| -- | e-Media Collection |
| 995 ## - | |
| -- | e-RESOURCES |
| -- | 20142297 |
| -- | CBU-MAIN LIBRARY (Kitwe) |
| -- | 0.00 |
| -- | CD/ HD 9980.5 Fit |
| -- | 5 |
| -- | AVAILABLE |
| -- | Aug 16, 2016 |
| -- | 20142297 |
| -- | e-Media Collection |
| 999 ## - | |
| -- | 80419 |
| -- | 80419 |
| Withdrawn status | Lost status | Source of classification or shelving scheme | Damaged status | Not for loan | Permanent Location | Current Location | Shelving location | Date acquired | Total Checkouts | Full call number | Barcode | Date last seen | Copy number | Price effective from | Koha item type |
|---|---|---|---|---|---|---|---|---|---|---|---|---|---|---|---|
| CBU-MAIN LIBRARY, KITWE. | CBU-MAIN LIBRARY, KITWE. | 06/29/2023 | CD/ HD 9980.5 Fit | 20140220 | 06/29/2023 | 1 | 06/29/2023 | DVD/CD-ROM | |||||||
| CBU-MAIN LIBRARY, KITWE. | CBU-MAIN LIBRARY, KITWE. | 06/29/2023 | CD/ HD 9980.5 Fit | 20142276 | 06/29/2023 | 2 | 06/29/2023 | DVD/CD-ROM | |||||||
| CBU-MAIN LIBRARY, KITWE. | CBU-MAIN LIBRARY, KITWE. | 06/29/2023 | CD/ HD 9980.5 Fit | 201442111 | 06/29/2023 | 3 | 06/29/2023 | DVD/CD-ROM | |||||||
| CBU-MAIN LIBRARY, KITWE. | CBU-MAIN LIBRARY, KITWE. | 06/29/2023 | CD/ HD 9980.5 Fit | 20140222 | 06/29/2023 | 4 | 06/29/2023 | DVD/CD-ROM | |||||||
| CBU-MAIN LIBRARY, KITWE. | CBU-MAIN LIBRARY, KITWE. | 06/29/2023 | CD/ HD 9980.5 Fit | 20142297 | 06/29/2023 | 5 | 06/29/2023 | DVD/CD-ROM |